Focus sur: John Dawlish - Harry Potter - Statistiques

Statistiques générales
  • Ce quiz a été pris 37 fois
  • Le résultat moyen est 5 sur 6
Statistiques - réponses
Informations recherchées Réponses % Correct
Lieu de rencontre avec Harry Potter Poudlard
100%
Ecole fréquentée Poudlard
100%
Première apparition Harry Potter et l'Ordre du Phenix
91%
Couleur des cheveux Gris
76%
Profession Auror
70%
Acteur l'interprétant dans les films Richard Leaf
18%
Aucun quiz correspondant
Distribution des résultats
% des personnes avec chaque résultat
Percentile par nombre de réponses
Votre historique - résultats
Vous n’avez pas pris ce quiz